| 000 | 00000nam##2200000za#4500 |
| 001 | 9.675012 |
| 003 | CaOODSP |
| 005 | 20250206125413 |
| 007 | cr ||||||||||| |
| 008 | 150407|2009||||xxc|||||o f|0| 0 fre|d |
| 040 | |aCaOODSP|bfre |
| 041 | |aeng |
| 041 | |afre |
| 043 | |an-cn--- |
| 086 | 1 |aA104-78/1-2009-PDF |
| 110 | 2 |aAgence canadienne d'inspection des aliments. |
| 245 | 13|aLa salubrité des aliments, cahier d'activités |h[ressource électronique] |
| 260 | |aOttawa - Ontario : |bAgence canadienne d'inspection des aliments |c[2009]. |
| 300 | |a8p.|bfigures, ill. |
| 500 | |a«Pour les enfants de la maternelle à la 3e année (enfants de 5 à 8 ans) et tous ceux qui s'intéressent à la salubrité des aliments!» Le n° de catalogue (A104-78/1-2009) et l'ISBN (978-0-662-06915-7) de l'édition imprimée bilingue ont été incorrectement copiés dans l'édition pdf. |
| 520 | 3 |aÀ l’aide d’activités amusante, ce cahier vise à informer les jeunes au sujet de la salubrité des aliments. |
| 590 | |a09-48|b2009-11-27 |
| 691 | 07|aSécurité alimentaire|2gcpds |
| 776 | 0#|tFood safety activity booklet |w(CaOODSP)9.671405 |
| 791 | |tFood safety activity book |eeng|w(CaOODSP)9.675011 |
| 856 | 40|ahttp://publications.gc.ca|qPDF|s1358 Ko|uhttps://publications.gc.ca/collections/collection_2009/inspection/A104-78-1-2009.pdf |